000
00304nam a22001097a 4500
020
_a
0-471-63514-6
082
_a
629.8920321 INT'D
100
_a
DORF, R.C
_9
65959
245
_a
INTERNATIOANL ENCYCLOPEDIA OF ROBOTICS , APPLICATIONS AND AUTOMATION VOL-3
260
_a
1988
_b
JOHN WILEY
_c
2046P
942
_c
BK
999
_c
574023
_d
574023